Statistics for States with the Biggest Swings to the Republicans in the 2016 Presidential Election

Click here to take the quiz!

General Stats

  • This quiz has been taken 151 times
  • The average score is 4 of 8

Answer Stats

% swingstate / dist% Correct
11.11Ohio
85%
15.22Iowa
74%
12.33Maine
48%
15.31West Virginia
48%
16.10North Dakota
39%
11.77South Dakota
39%
10.52Hawaii
20%
11.95Rhode Island
18%

Score Distribution

Percentile by Number Answered

Percent of People with Each Score

Your Score History

You have not taken this quiz